|
|
|
|
| LEADER |
00000nas a22000007a 4500 |
| 001 |
ssj0000328283 |
| 003 |
WaSeSS |
| 005 |
20200512172242.0 |
| 006 |
m d |
| 007 |
cr n |
| 008 |
041209d20042013oncfr p s 0 a0eng |
| 010 |
|
|
|a cn2004301487
|
| 015 |
|
|
|a 20043014879
|2 can
|
| 016 |
|
|
|a (AMICUS)000030664079
|
| 016 |
|
|
|a 20043014879
|
| 022 |
|
|
|y 1713-7500
|
| 035 |
|
|
|a (WaSeSS)ssj0000328283
|
| 040 |
|
|
|a NLC
|b eng
|c NLC
|d DKU
|d OCLCF
|d U3G
|d WaSeSS
|
| 042 |
|
|
|a nlc
|a isds/c
|
| 082 |
1 |
|
|a 649
|2 14
|
| 084 |
|
|
|a cci1icc
|2 lacc
|
| 210 |
0 |
|
|a Today's parent newborn
|
| 222 |
|
0 |
|a Today's parent newborn
|
| 245 |
0 |
0 |
|a Today's parent newborn
|h [electronic resource].
|
| 246 |
3 |
0 |
|a Newborn
|
| 260 |
|
|
|a Toronto :
|b Rogers,
|c c2004-[2013?]
|
| 310 |
|
|
|a Semiannual
|
| 362 |
0 |
|
|a No. 1 (2004)-
|
| 362 |
1 |
|
|a Ceased with v. 13, no. 2 (fall/winter 2013)?
|
| 500 |
|
|
|a Title from cover.
|
| 500 |
|
|
|a Issued also in French.
|
| 500 |
|
|
|a "Your guide to the first six months".
|
| 506 |
|
|
|a License restrictions may limit access.
|
| 650 |
|
0 |
|a Newborn infants
|v Periodicals.
|
| 650 |
|
7 |
|a Newborn infants.
|2 fast
|0 (OCoLC)fst01430819
|
| 655 |
|
0 |
|a Electronic journals.
|
| 856 |
4 |
0 |
|z Full text available from Research Library: 01/01/2003 to 01/31/2006
|u https://search.proquest.com/publication/29245
|